000
00265nam a22001217a 4500
008
180212b xxu||||| |||| 00| 0 eng d
041
_a
eng
080
_a
33
100
_a
52
101
_a
ECO
245
_a
SURVEYS OF ECONOMIC THEORY 3
_c
MAC.M
942
_2
udc
_c
BK
999
_c
42306
_d
42306